Lectures On Numerical Analysis (Record no. 6451)
[ view plain ]
| 000 -LEADER | |
|---|---|
| fixed length control field | 00399nam a2200157Ia 4500 |
| 008 - FIXED-LENGTH DATA ELEMENTS--GENERAL INFORMATION | |
| fixed length control field | 130729s9999 xx 000 0 und d |
| 072 ## - SUBJECT CATEGORY CODE | |
| Subject category code | Numerical Analysis |
| 082 ## - DEWEY DECIMAL CLASSIFICATION NUMBER | |
| Classification number | 518 |
| 082 ## - DEWEY DECIMAL CLASSIFICATION NUMBER | |
| Item number | G3419 |
| 100 ## - MAIN ENTRY--PERSONAL NAME | |
| Personal name | Gheorghiu,C.I. |
| 9 (RLIN) | 672 |
| 245 ## - TITLE STATEMENT | |
| Title | Lectures On Numerical Analysis |
| 245 ## - TITLE STATEMENT | |
| Statement of responsibility, etc | Gheorghiu,C.I. |
| 300 ## - PHYSICAL DESCRIPTION | |
| Extent | 126 |
| 300 ## - PHYSICAL DESCRIPTION | |
| Type of unit | Illustration,index,reference,tables & graph |
| 942 ## - ADDED ENTRY ELEMENTS (KOHA) | |
| Item type | Book |
No items available.